[Event "Lichtenrader Herbst 2017"]
[Site "Berlin"]
[Date "2017.10.28"]
[Round "1.1"]
[White "Kryakvin, Dmitry"]
[Black "Grassi, Fabrizio"]
[Result "1-0"]
[WhiteElo "2583"]
[BlackElo "1781"]
[PlyCount "63"]
[EventDate "2017.??.??"]
[BlackTeam "SV Berlin Friedrichstadt"]

1. d4 d5 2. c4 e6 3. Nf3 Nf6 4. Bg5 c6 5. e3 Qa5+ 6. Nbd2 Ne4 7. Bf4 Bd6 8.
Bxd6 Nxd6 9. c5 Ne4 10. Bd3 f5 11. O-O Nxd2 12. Nxd2 O-O 13. f4 Nd7 14. a3 Nf6
15. b4 Qc7 16. a4 a6 17. Nf3 Bd7 18. Qb3 Ne4 19. Bxe4 fxe4 20. Ne5 Be8 21. Rf2
Qe7 22. Raf1 Rc8 23. Qd1 Qh4 24. Qe2 Rc7 25. g4 Re7 26. Rg2 Rf6 27. Rg3 Rc7 28.
Qg2 Rh6 29. g5 Rh5 30. f5 exf5 31. Rf4 Qxf4 32. exf4 1-0

[Event "Lichtenrader Herbst 2017"]
[Site "Berlin"]
[Date "2017.10.28"]
[Round "1.2"]
[White "Bartoszewski Reiski, Olaf"]
[Black "Danin, Alexandre"]
[Result "0-1"]
[WhiteElo "1780"]
[BlackElo "2530"]
[PlyCount "38"]
[EventDate "2017.??.??"]
[BlackTeam "TSV Schoenaich"]

1. e4 e6 2. Nf3 d5 3. Nc3 Nf6 4. e5 Nfd7 5. d4 c5 6. dxc5 Nc6 7. Bf4 Bxc5 8.
Bd3 f6 9. exf6 Nxf6 10. O-O O-O 11. Ne5 Bd7 12. Bg3 Qe7 13. Qe2 Nxe5 14. Qxe5
Bc6 15. Rae1 Rae8 16. Nb5 Nd7 17. Qh5 h6 18. Qg6 Qf6 19. Qh7+ Kf7 0-1

[Event "Lichtenrader Herbst 2017"]
[Site "Berlin"]
[Date "2017.10.28"]
[Round "1.3"]
[White "Stern, Rene"]
[Black "Verbitsky, Jaroslaw"]
[Result "1-0"]
[WhiteElo "2498"]
[BlackElo "1754"]
[PlyCount "41"]
[EventDate "2017.??.??"]
[WhiteTeam "SK Koenig Tegel"]
[BlackTeam "SV Mattnetz Berlin"]

1. Nf3 d5 2. d4 Nf6 3. c4 c6 4. Nbd2 e6 5. e3 Nbd7 6. Bd3 b6 7. O-O Be7 8. b3
O-O 9. Bb2 Bb7 10. Qe2 Rc8 11. Rfd1 c5 12. cxd5 Nxd5 13. Rac1 Rc7 14. Bb1 cxd4
15. Nxd4 Qb8 16. Nc4 Ba6 17. Nxe6 fxe6 18. Qg4 N7f6 19. Qxe6+ Kh8 20. Rxd5 Nxd5
21. Qh6 1-0

[Event "Lichtenrader Herbst 2017"]
[Site "Berlin"]
[Date "2017.10.28"]
[Round "1.5"]
[White "Starostits, Ilmars"]
[Black "Rehmsmeier, Marc"]
[Result "1-0"]
[WhiteElo "2418"]
[BlackElo "1749"]
[PlyCount "47"]
[EventDate "2017.??.??"]

1. d4 d5 2. c4 e6 3. Nf3 Nf6 4. g3 Be7 5. Bg2 O-O 6. O-O b6 7. Nc3 h6 8. Ne5
Bb7 9. Bf4 Qc8 10. Rc1 dxc4 11. e4 Nh7 12. h4 g5 13. hxg5 hxg5 14. Be3 Nd7 15.
Nxc4 f5 16. d5 fxe4 17. dxe6 Ndf6 18. Bh3 Rd8 19. Qe2 Ba6 20. Rfd1 g4 21. Rxd8+
Bxd8 22. Bxg4 Bxc4 23. Qxc4 Nxg4 24. e7+ 1-0

[Event "Lichtenrader Herbst 2017"]
[Site "Berlin"]
[Date "2017.10.28"]
[Round "1.6"]
[White "Woinowski, Michael"]
[Black "Ahmadinia, Ebrahim"]
[Result "0-1"]
[WhiteElo "1749"]
[BlackElo "2410"]
[PlyCount "108"]
[EventDate "2017.??.??"]
[WhiteTeam "SC Kreuzberg"]
[BlackTeam "SF 1903 Berlin"]

1. e4 g6 2. Nc3 Bg7 3. Bc4 d6 4. f4 c6 5. Nf3 d5 6. Bb3 Nf6 7. e5 Nfd7 8. d4
Nb6 9. Be3 a5 10. a3 a4 11. Ba2 Na6 12. h3 Bd7 13. Qd2 Nc7 14. g4 Nc4 15. Bxc4
dxc4 16. Ne4 Be6 17. Ng3 Bd5 18. O-O f6 19. Rae1 O-O 20. f5 Bxf3 21. Rxf3 fxe5
22. Bh6 Qxd4+ 23. Qxd4 exd4 24. Bxg7 Kxg7 25. Rxe7+ Rf7 26. f6+ Kf8 27. Re4 Rd8
28. g5 Rd5 29. h4 Rfd7 30. Kf1 Rb5 31. Ne2 d3 32. cxd3 cxd3 33. Nd4 Rbd5 34.
Rxd3 Kg8 35. Re7 Rxe7 36. fxe7 Kf7 37. e8=B+ Kxe8 38. Re3+ Kd7 39. Re4 b5 40.
Nf3 Rf5 41. Ke2 Kd6 42. Rd4+ Nd5 43. Re4 Rf7 44. Kf2 Re7 45. Rg4 c5 46. h5 Ne3
47. Rh4 gxh5 48. Rxh5 Nd1+ 49. Kg3 Nxb2 50. Rh6+ Kc7 51. Kf4 Nc4 52. Kf5 Nd6+
53. Kf4 Re4+ 54. Kg3 Nf5+ 0-1

[Event "Lichtenrader Herbst 2017"]
[Site "Berlin"]
[Date "2017.10.28"]
[Round "1.7"]
[White "Malek, Daniel"]
[Black "Tham, Nam"]
[Result "1-0"]
[WhiteElo "2368"]
[BlackElo "1734"]
[PlyCount "59"]
[EventDate "2017.??.??"]
[WhiteTeam "SK Zehlendorf"]
[BlackTeam "SC Weisse Dame (Berlin)"]

1. d4 d5 2. c4 e6 3. Nc3 c6 4. e4 dxe4 5. Nxe4 Bb4+ 6. Nc3 c5 7. a3 Bxc3+ 8.
bxc3 Nf6 9. Nf3 Nc6 10. Bb2 O-O 11. Bd3 Qa5 12. O-O Rd8 13. Qc2 b6 14. Rad1 Bb7
15. d5 exd5 16. cxd5 c4 17. Bxc4 Nxd5 18. Ng5 g6 19. Ne4 Nce7 20. Bxd5 Nxd5 21.
c4 Rac8 22. Qd3 Ba6 23. Qd4 Kf8 24. cxd5 Bxf1 25. d6 Ke8 26. d7+ Kf8 27. dxc8=R
Rxc8 28. Qh8+ Ke7 29. Bf6+ Ke6 30. Qxc8# 1-0

[Event "Lichtenrader Herbst 2017"]
[Site "Berlin"]
[Date "2017.10.28"]
[Round "1.8"]
[White "Spors, Carl Philip"]
[Black "Schmidek, Emil"]
[Result "0-1"]
[WhiteElo "1732"]
[BlackElo "2298"]
[PlyCount "68"]
[EventDate "2017.??.??"]
[WhiteTeam "Lasker Steglitz Wilmersdorf"]
[BlackTeam "SF 1903 Berlin"]

1. e4 e5 2. d4 exd4 3. Nf3 Nc6 4. Bc4 Nf6 5. e5 d5 6. Bb5 Ne4 7. Nxd4 Bc5 8.
Be3 O-O 9. Nxc6 bxc6 10. Bxc5 Nxc5 11. Bxc6 Rb8 12. Qxd5 Qe7 13. O-O Rxb2 14.
Nc3 Rxc2 15. Rac1 Rxc1 16. Rxc1 Rd8 17. Qf3 Nd3 18. Nd5 Rxd5 19. Qxd5 Nxc1 20.
Qd2 Nxa2 21. Qxa2 Qxe5 22. Qb1 g6 23. h3 Qc5 24. Ba4 Qb6 25. Qe4 Be6 26. Qa8+
Kg7 27. Bc6 Qa5 28. Qb7 Qc3 29. Qa6 Qe1+ 30. Qf1 Qxf1+ 31. Kxf1 g5 32. Ke2 Kf6
33. Kd3 Ke5 34. Kc3 Bd5 0-1

[Event "Lichtenrader Herbst 2017"]
[Site "Berlin"]
[Date "2017.10.28"]
[Round "1.9"]
[White "Kalka, Arkadius Georg"]
[Black "Schauties, Nico Antonio"]
[Result "1-0"]
[WhiteElo "2286"]
[BlackElo "1730"]
[PlyCount "127"]
[EventDate "2017.??.??"]
[WhiteTeam "SC Hansa Dortmund"]
[BlackTeam "SV Mattnetz Berlin"]

1. c4 c5 2. g3 Nc6 3. Bg2 g6 4. Nc3 Bg7 5. Rb1 Rb8 6. Nf3 f5 7. O-O e5 8. d3 d6
9. a3 Nge7 10. Ne1 O-O 11. b4 b6 12. Nd5 Bb7 13. b5 Nd4 14. Bg5 Bxd5 15. cxd5
f4 16. g4 Qd7 17. Bxe7 Qxe7 18. e3 f3 19. Nxf3 Nxf3+ 20. Bxf3 Rf7 21. Be4 Rbf8
22. Rb2 Bh6 23. Qe1 Bg5 24. f3 Bh4 25. Qc1 Qg5 26. Rg2 Qh6 27. Re2 Bg5 28. Kg2
a6 29. bxa6 Ra7 30. Qc4 Bxe3 31. Rb1 Rb8 32. a4 Bf4 33. Kg1 Bd2 34. h4 Ba5 35.
Rh2 Rba8 36. h5 Qe3+ 37. Kh1 g5 38. h6 Rxa6 39. Qb5 R6a7 40. Qc6 Rd8 41. Rf1
Qf4 42. Kg2 Qf7 43. Rh5 Qe7 44. Qb5 Rb8 45. Qb2 Kh8 46. Bf5 b5 47. axb5 Rab7
48. Rb1 Bd8 49. Rhh1 Qe8 50. Qc2 Rxb5 51. Qa2 Ra5 52. Qe2 Rba8 53. Rb7 Ra2 54.
Rb2 Rxb2 55. Qxb2 Bc7 56. Qb7 Qd8 57. Qc6 Ra7 58. Be6 Qf8 59. Rb1 Bd8 60. Bf5
Be7 61. Rb7 Ra2+ 62. Kg1 Qxh6 63. Qe8+ Qf8 64. Rxe7 1-0

[Event "Lichtenrader Herbst 2017"]
[Site "Berlin"]
[Date "2017.10.28"]
[Round "1.10"]
[White "Arnold, Leander"]
[Black "Florstedt, Johannes"]
[Result "1/2-1/2"]
[WhiteElo "1726"]
[BlackElo "2278"]
[PlyCount "83"]
[EventDate "2017.??.??"]
[WhiteTeam "Borussia Friedrichsfelde"]
[BlackTeam "SF 1903 Berlin"]

1. d4 Nf6 2. Nf3 g6 3. e3 Bg7 4. c4 O-O 5. Nc3 d6 6. Bd3 Nbd7 7. O-O e5 8. Qc2
Re8 9. b4 Qe7 10. Nd2 d5 11. c5 e4 12. Be2 Nf8 13. Qb3 c6 14. a4 Bg4 15. Bxg4
Nxg4 16. h3 Nh6 17. Re1 Ne6 18. Nf1 f5 19. Ne2 Kh8 20. Rb1 g5 21. b5 Rec8 22.
Bd2 g4 23. bxc6 bxc6 24. hxg4 Nxg4 25. Neg3 Rc7 26. Nh2 Nxh2 27. Kxh2 Qh4+ 28.
Kg1 f4 29. exf4 Nxd4 30. Qb8+ Rc8 31. Qb7 Ne6 32. Nf5 Qg4 33. Nxg7 Qxg7 34.
Qxg7+ Kxg7 35. Rb7+ Kg6 36. Re3 Nxc5 37. Rg3+ Kf5 38. Rf7+ Ke6 39. Rgg7 d4 40.
Bb4 Nd3 41. Rd7 Nxb4 42. Rge7+ 1/2-1/2

[Event "Lichtenrader Herbst 2017"]
[Site "Berlin"]
[Date "2017.10.28"]
[Round "1.11"]
[White "Heinig, Wolfram"]
[Black "Schnabel, Luise"]
[Result "1-0"]
[WhiteElo "2270"]
[BlackElo "1712"]
[PlyCount "49"]
[EventDate "2017.??.??"]
[WhiteTeam "SK Zehlendorf"]
[BlackTeam "SV Mattnetz Berlin"]

1. d4 Nf6 2. c4 c5 3. Nf3 g6 4. Nc3 cxd4 5. Nxd4 Nc6 6. g3 Bg7 7. Bg2 O-O 8.
O-O e6 9. Ndb5 a6 10. Nd6 Ne8 11. Be3 Nxd6 12. Qxd6 Re8 13. Rac1 Qe7 14. Qd2
Rb8 15. Ne4 d5 16. Bc5 Qd7 17. cxd5 exd5 18. Nd6 b6 19. Nxe8 bxc5 20. Nxg7 Kxg7
21. Rxc5 Ne7 22. Rfc1 Bb7 23. Qd4+ Kg8 24. Qe5 Qd8 25. Rc7 1-0

[Event "Lichtenrader Herbst 2017"]
[Site "Berlin"]
[Date "2017.10.28"]
[Round "1.12"]
[White "Fiss, Wolfgang"]
[Black "Barath, M."]
[Result "0-1"]
[WhiteElo "1709"]
[BlackElo "2259"]
[PlyCount "78"]
[EventDate "2017.??.??"]
[WhiteTeam "SC Oranienburg"]
[BlackTeam "SC Zugzwang 95 (Berlin)"]

1. d4 Nf6 2. Nf3 g6 3. g3 Bg7 4. Bg2 O-O 5. O-O d6 6. c3 Nc6 7. Nbd2 e5 8. dxe5
dxe5 9. Nb3 Qe7 10. Bg5 h6 11. Bxf6 Qxf6 12. e4 Qe7 13. Qe2 a5 14. Qe3 b6 15.
Rac1 Be6 16. Nbd2 a4 17. a3 Rfd8 18. c4 Nd4 19. Rc3 Qc5 20. Rfc1 Rd7 21. b4
axb3 22. Nxb3 Qe7 23. Nbd2 c5 24. h4 Rda7 25. Kh2 f6 26. Qd3 h5 27. Nxd4 cxd4
28. Rb3 Rxa3 29. Rcb1 Bh6 30. Bf1 Qc5 31. Rxa3 Rxa3 32. Rb3 Ra2 33. Nf3 Rxf2+
34. Kh1 Be3 35. Rb5 Qc6 36. Nh2 Kg7 37. Qb1 d3 38. Bxd3 Bxc4 39. Qb4 Bxb5 0-1

[Event "Lichtenrader Herbst 2017"]
[Site "Berlin"]
[Date "2017.10.28"]
[Round "1.13"]
[White "Biriukov, Nikolai"]
[Black "Rouditser, Benjamin"]
[Result "1-0"]
[WhiteElo "2250"]
[BlackElo "1709"]
[PlyCount "65"]
[EventDate "2017.??.??"]
[WhiteTeam "Bahn-SC Wuppertal"]
[BlackTeam "Lasker Steglitz Wilmersdorf"]

1. d4 d5 2. c4 c6 3. Nf3 Nf6 4. Nc3 g6 5. cxd5 cxd5 6. Bf4 Nc6 7. e3 Nh5 8. Bg5
h6 9. Bh4 g5 10. Ne5 Nxe5 11. dxe5 Ng7 12. Bb5+ Bd7 13. Qxd5 Bxb5 14. Qxb5+ Qd7
15. Qxd7+ Kxd7 16. Bg3 e6 17. O-O-O+ Kc7 18. Rd3 Be7 19. Nb5+ Kc6 20. Nd6 Bxd6
21. Rxd6+ Kc7 22. Kd2 Nf5 23. Rc1+ Kb8 24. Rd7 Rc8 25. Rxc8+ Kxc8 26. Rxf7 Rb8
27. Kd3 h5 28. e4 Nxg3 29. hxg3 Kd8 30. Rf8+ Kc7 31. Rxb8 Kxb8 32. f4 gxf4 33.
gxf4 1-0

[Event "Lichtenrader Herbst 2017"]
[Site "Berlin"]
[Date "2017.10.28"]
[Round "1.14"]
[White "Strassburg, Robin Leonard"]
[Black "Mueller, Nick"]
[Result "0-1"]
[WhiteElo "1696"]
[BlackElo "2249"]
[PlyCount "78"]
[EventDate "2017.??.??"]
[WhiteTeam "Leegebrucher SF"]
[BlackTeam "Greifswalder SV"]

1. d4 Nf6 2. Nf3 g6 3. Bf4 Bg7 4. e3 c5 5. c3 b6 6. Bd3 Bb7 7. Nbd2 d6 8. h3
Nbd7 9. Bh2 O-O 10. O-O cxd4 11. Nxd4 a6 12. Qe2 Nc5 13. Bc2 Rc8 14. N4b3 Na4
15. Rab1 b5 16. Rfe1 Qc7 17. a3 Rfe8 18. Nd4 e5 19. N4f3 Nb6 20. e4 Nh5 21. g4
Nf4 22. Bxf4 exf4 23. Qd3 Nd7 24. Nd4 Ne5 25. Qe2 Nxg4 26. Nxb5 axb5 27. hxg4
Qd7 28. f3 Re5 29. Qh2 h5 30. Qxf4 Qe7 31. Rbd1 Bf6 32. Qh2 hxg4 33. fxg4 Rg5
34. Re2 Rxg4+ 35. Rg2 Rh4 36. Qg3 Be5 37. Qf3 Kg7 38. Qd3 Rch8 39. Qxb5 Qf6 0-1

[Event "Lichtenrader Herbst 2017"]
[Site "Berlin"]
[Date "2017.10.28"]
[Round "1.15"]
[White "Foerster, Jonas"]
[Black "Baumeister, Wolfgang"]
[Result "1-0"]
[WhiteElo "2229"]
[BlackElo "1695"]
[PlyCount "55"]
[EventDate "2017.??.??"]
[WhiteTeam "SV Empor Berlin"]
[BlackTeam "SC Kreuzberg"]

1. d4 f5 2. c4 e6 3. Nc3 Nf6 4. Bf4 Bb4 5. e3 b6 6. Qb3 a5 7. Nge2 Bb7 8. a3 a4
9. Qc2 Ba5 10. f3 O-O 11. O-O-O Bxc3 12. Nxc3 Nh5 13. Be2 Nxf4 14. exf4 Qh4 15.
g3 Qh5 16. Rd3 d6 17. Nxa4 b5 18. cxb5 Bd5 19. Nc3 Bc4 20. Re3 Bxe2 21. Qxe2
Nd7 22. Rxe6 Nb6 23. h4 Qf7 24. Re7 Rfe8 25. Re1 Rxe7 26. Qxe7 Qc4 27. Qe6+ Kf8
28. Qxf5+ 1-0

[Event "Lichtenrader Herbst 2017"]
[Site "Berlin"]
[Date "2017.10.28"]
[Round "1.16"]
[White "Hohn, August"]
[Black "Brustkern, Juergen"]
[Result "0-1"]
[WhiteElo "1688"]
[BlackElo "2228"]
[PlyCount "72"]
[EventDate "2017.??.??"]
[WhiteTeam "SC Zugzwang 95 (Berlin)"]
[BlackTeam "Lasker Steglitz Wilmersdorf"]

1. c4 f5 2. Nc3 Nf6 3. Nf3 d6 4. d4 e6 5. Bg5 Be7 6. Bxf6 Bxf6 7. e4 Nc6 8.
exf5 exf5 9. Nd5 O-O 10. Be2 g5 11. h3 Bg7 12. Qd2 h6 13. O-O-O g4 14. hxg4
fxg4 15. Nh4 Nxd4 16. Ng6 Nxe2+ 17. Qxe2 Qg5+ 18. Rd2 Bf5 19. Nxf8 Rxf8 20.
Ne7+ Kh8 21. Nxf5 Rxf5 22. Kb1 Re5 23. Qd1 Qf4 24. Qc2 Re4 25. Re2 Re5 26. Rhe1
Qxf2 27. Rxe5 Qxc2+ 28. Kxc2 Bxe5 29. Rh1 Kg7 30. Rh4 g3 31. Rg4+ Kf7 32. Kd3
h5 33. Rg5 h4 34. Rh5 Bf6 35. Rh7+ Kg6 36. Rxc7 h3 0-1

[Event "Lichtenrader Herbst 2017"]
[Site "Berlin"]
[Date "2017.10.28"]
[Round "1.17"]
[White "Polatel, Ali"]
[Black "Jansen, Robert"]
[Result "1-0"]
[WhiteElo "2224"]
[BlackElo "1686"]
[PlyCount "49"]
[EventDate "2017.??.??"]
[WhiteTeam "SC Zugzwang 95 (Berlin)"]
[BlackTeam "SC Kreuzberg"]

1. c4 e5 2. g3 Nc6 3. Nc3 f5 4. Nf3 Nf6 5. d4 e4 6. Nh4 d5 7. Bg5 dxc4 8. e3
Bd7 9. Bxc4 Na5 10. Nd5 Bb4+ 11. Nxb4 Nxc4 12. Nd5 O-O 13. O-O Nd6 14. Rc1 Nde8
15. Qb3 Be6 16. Nxf6+ Qxf6 17. Qxb7 Qxg5 18. Qxa8 Qh5 19. Qc6 Qf7 20. f4 h6 21.
Rc5 Kh7 22. Rfc1 Bd7 23. Qd5 Be6 24. Qe5 Bc8 25. Rxc7 1-0

[Event "Lichtenrader Herbst 2017"]
[Site "Berlin"]
[Date "2017.10.28"]
[Round "1.18"]
[White "Reck, Jessica"]
[Black "Weber, Max"]
[Result "0-1"]
[WhiteElo "1682"]
[BlackElo "2212"]
[PlyCount "76"]
[EventDate "2017.??.??"]
[WhiteTeam "SK Koenig Tegel"]
[BlackTeam "Greifswalder SV"]

1. e4 c5 2. Nf3 e6 3. c3 Nf6 4. e5 Nd5 5. d4 cxd4 6. cxd4 d6 7. Bc4 Nc6 8. O-O
Be7 9. Bd2 Bd7 10. Nc3 Nxc3 11. Bxc3 O-O 12. Qe2 Qb6 13. Rad1 Rfd8 14. Rfe1 Nb4
15. Bd2 d5 16. Bd3 Nxd3 17. Qxd3 Bb5 18. Qb3 Qa6 19. Rc1 Rdc8 20. Bg5 Bf8 21.
a3 Bd3 22. Rc3 Bg6 23. Rec1 b6 24. h3 h6 25. Bh4 Qb7 26. Ne1 Qa6 27. Qd1 Rxc3
28. Rxc3 Rc8 29. Rxc8 Qxc8 30. Qd2 Qc4 31. Nf3 Be4 32. Ne1 b5 33. f3 Bg6 34. g4
b4 35. f4 bxa3 36. bxa3 Bxa3 37. Qf2 Be4 38. f5 Bb4 0-1

[Event "Lichtenrader Herbst 2017"]
[Site "Berlin"]
[Date "2017.10.28"]
[Round "1.19"]
[White "Stigar, Petter"]
[Black "Rauscher, Joachim"]
[Result "1-0"]
[WhiteElo "2211"]
[BlackElo "1681"]
[PlyCount "73"]
[EventDate "2017.??.??"]
[WhiteTeam "SK 96"]
[BlackTeam "SC Brett vorm Kopp"]

1. d4 d5 2. c4 e6 3. Nf3 Nf6 4. g3 Be7 5. Bg2 O-O 6. O-O c6 7. Qc2 b6 8. Nbd2
Bb7 9. e4 dxe4 10. Nxe4 Nbd7 11. Rd1 Nxe4 12. Qxe4 Nf6 13. Qe2 Rc8 14. Bf4 Nh5
15. Be3 Nf6 16. Ne5 Nd7 17. Bf4 Nxe5 18. Bxe5 Bf6 19. c5 Be7 20. b4 Qd7 21. a4
Rfd8 22. a5 bxa5 23. bxa5 f6 24. Bf4 g5 25. Bh3 f5 26. Be5 Ra8 27. a6 Bc8 28.
Bg2 Rf8 29. Qf3 Qd5 30. Qa3 Qd7 31. Qa4 Bxa6 32. Bxc6 Qc8 33. Qxa6 Qxa6 34.
Rxa6 Rad8 35. Rxa7 Bf6 36. Bxf6 Rxf6 37. Bd7 1-0

[Event "Lichtenrader Herbst 2017"]
[Site "Berlin"]
[Date "2017.10.28"]
[Round "1.20"]
[White "Stipic, Nikola"]
[Black "Chan, Kim Yew"]
[Result "0-1"]
[WhiteElo "1677"]
[BlackElo "2185"]
[PlyCount "88"]
[EventDate "2017.??.??"]
[WhiteTeam "SW Lichtenrade"]

1. e4 c5 2. Nf3 Nc6 3. d4 cxd4 4. Nxd4 g6 5. Nxc6 bxc6 6. Qd4 Nf6 7. e5 Nd5 8.
e6 f6 9. c4 Nc7 10. exd7+ Bxd7 11. Be2 e5 12. Qh4 Bg7 13. Nc3 O-O 14. Be3 Ne6
15. Rd1 f5 16. Qxd8 Rfxd8 17. O-O c5 18. Nd5 Nd4 19. Bd3 e4 20. Bb1 Be6 21. a3
Kh8 22. Ba2 Rab8 23. b4 Bxd5 24. cxd5 Ne2+ 25. Kh1 cxb4 26. axb4 Nc3 27. Rd2
Rxb4 28. Bg5 Rd7 29. Rc1 h6 30. Be3 g5 31. g3 Kh7 32. d6 Nxa2 33. Rxa2 Rxd6 34.
Rxa7 Kg6 35. h3 Bd4 36. Bxd4 Rbxd4 37. Rac7 Rd2 38. Kg2 Kf6 39. Kf1 f4 40. Re1
e3 41. fxe3 fxg3 42. Kg1 Rh2 43. Rec1 Kf5 44. Rf1+ Kg6 0-1

[Event "Lichtenrader Herbst 2017"]
[Site "Berlin"]
[Date "2017.10.28"]
[Round "1.21"]
[White "Moeller, Hendrik"]
[Black "Kostic, Ivan"]
[Result "1/2-1/2"]
[WhiteElo "2173"]
[BlackElo "1672"]
[PlyCount "147"]
[EventDate "2017.??.??"]
[WhiteTeam "SC Weisse Dame (Berlin)"]
[BlackTeam "SK Dragojle Babic (Berlin)"]

1. c4 e5 2. g3 Nf6 3. Bg2 c6 4. d4 exd4 5. Qxd4 Be7 6. Nf3 O-O 7. O-O d5 8.
cxd5 cxd5 9. a3 Nc6 10. Qd3 Be6 11. Nc3 Qc8 12. Bf4 Bf5 13. Qd1 Rd8 14. Nb5 Nh5
15. Be3 a6 16. Nbd4 Bh3 17. Rc1 Bxg2 18. Kxg2 Qd7 19. Nxc6 bxc6 20. Qa4 Qb7 21.
Rc2 Qb5 22. Qxb5 cxb5 23. Rc6 Nf6 24. Rd1 h6 25. Ne5 Bd6 26. Nd3 Kf8 27. Bd4
Be7 28. Rdc1 Ne4 29. Rb6 Rd6 30. Rb7 Bf6 31. Be3 d4 32. Bf4 Re6 33. Rcc7 Re7
34. f3 Rxc7 35. Rxc7 Ng5 36. Bd6+ Kg8 37. Bb4 Ne6 38. Rc6 Nd8 39. Rb6 Ne6 40.
Kf2 Bd8 41. Rc6 Bf6 42. Bd2 Nd8 43. Rb6 Ne6 44. Nb4 Nc5 45. Nd5 Bd8 46. Rc6 Nb3
47. Bb4 a5 48. Bd6 Nd2 49. Bc5 Nb3 50. h4 a4 51. Bb6 Kh7 52. Rd6 Bxb6 53. Rxb6
Re8 54. Rxb5 Nc1 55. e4 Rc8 56. Nb4 Nb3 57. Rb6 Rc1 58. Rc6 Rd1 59. Rd6 Rd2+
60. Ke1 Rxb2 61. Nd3 Ra2 62. Rd7 f6 63. h5 Rxa3 64. Nf4 Kg8 65. Ne6 Ra1+ 66.
Kf2 a3 67. Rxg7+ Kh8 68. Rf7 a2 69. Rf8+ Kh7 70. Rf7+ Kg8 71. Rf8+ Kh7 72. Rf7+
Kg8 73. Rf8+ Kh7 74. Rf7+ 1/2-1/2

[Event "Lichtenrader Herbst 2017"]
[Site "Berlin"]
[Date "2017.10.28"]
[Round "1.22"]
[White "Morczynski, Jochaim"]
[Black "Farmani Anosheh, Yasha"]
[Result "1/2-1/2"]
[WhiteElo "1671"]
[BlackElo "2163"]
[PlyCount "108"]
[EventDate "2017.??.??"]
[WhiteTeam "Schachpinguine Berlin"]
[BlackTeam "SK Ladenburg"]

1. e4 e5 2. Nf3 Nc6 3. Bb5 Nf6 4. O-O Nxe4 5. Re1 Nd6 6. Bxc6 dxc6 7. Nxe5 Be7
8. d4 O-O 9. c3 Be6 10. Nd2 Re8 11. Qh5 Bf6 12. Ne4 Nxe4 13. Rxe4 g6 14. Qe2
Bf5 15. Re3 Bg5 16. Rg3 Bxc1 17. Rxc1 f6 18. Qf3 fxe5 19. Qxf5 exd4 20. Rd1 Qd5
21. Qf4 dxc3 22. Qc1 cxb2 23. Qb1 Qe4 24. Rgd3 Re6 25. h3 Rae8 26. Qxb2 b6 27.
Re3 Qh4 28. Rd7 Qh6 29. Qb3 g5 30. Rxc7 Kh8 31. Qc3+ Kg8 32. Qxc6 Qg6 33. Rxe6
Qxe6 34. Qxe6+ Rxe6 35. Rxa7 Re2 36. Kf1 Rb2 37. g3 h5 38. Kg2 g4 39. hxg4 hxg4
40. Ra4 Kf7 41. Rxg4 Rxa2 42. Rb4 Ra6 43. g4 Ke6 44. f4 Kd5 45. g5 Kc5 46. Rb1
Ra8 47. f5 Rf8 48. f6 Rg8 49. Rc1+ Kd5 50. Kf3 Rxg5 51. Kf4 Rg2 52. Rf1 Ke6 53.
Rb1 Kxf6 54. Rxb6+ Ke7 1/2-1/2

[Event "Lichtenrader Herbst 2017"]
[Site "Berlin"]
[Date "2017.10.28"]
[Round "1.23"]
[White "Schnabel, Ralf"]
[Black "Stockter, Jasper Enno"]
[Result "1-0"]
[WhiteElo "2161"]
[BlackElo "1663"]
[PlyCount "71"]
[EventDate "2017.??.??"]
[WhiteTeam "ESV Nickelhuette Aue"]
[BlackTeam "SV Mattnetz Berlin"]

1. e4 e6 2. d4 d5 3. Nd2 Nf6 4. e5 Nfd7 5. Bd3 c5 6. c3 Nc6 7. Ne2 Qb6 8. Nf3
f6 9. exf6 Nxf6 10. O-O Bd6 11. b3 Bd7 12. Bf4 Bxf4 13. Nxf4 O-O 14. g3 cxd4
15. cxd4 Nb4 16. Bb1 Rac8 17. Re1 Rc3 18. Ne5 Bb5 19. Qd2 Rfc8 20. Nc4 dxc4 21.
Qxc3 Nbd5 22. Nxd5 Nxd5 23. Qc2 Nf6 24. bxc4 Rxc4 25. Qb3 Nd5 26. a4 Rb4 27.
Qc2 Bd7 28. Qxh7+ Kf8 29. Qh8+ Kf7 30. Qh5+ Kf8 31. Be4 Rxd4 32. Bg6 Rd2 33.
Qh8+ Ke7 34. Qxg7+ Kd6 35. Qf8+ Kc7 36. Rac1+ 1-0

[Event "Lichtenrader Herbst 2017"]
[Site "Berlin"]
[Date "2017.10.28"]
[Round "1.24"]
[White "Gebigke, Lena"]
[Black "Lorenz, Sascha"]
[Result "1/2-1/2"]
[WhiteElo "1659"]
[BlackElo "2150"]
[PlyCount "65"]
[EventDate "2017.??.??"]
[WhiteTeam "SV Berolina Mitte"]
[BlackTeam "SK Koenig Tegel"]

1. Nf3 d5 2. d4 Nf6 3. g3 c6 4. Bg2 e6 5. O-O Nbd7 6. c4 Bd6 7. Nc3 O-O 8. Qc2
dxc4 9. e4 e5 10. a4 Re8 11. Rd1 Qe7 12. Bg5 h6 13. Bxf6 Nxf6 14. Rd2 Rb8 15.
dxe5 Bxe5 16. Nd4 Bxd4 17. Rxd4 Qc5 18. Rad1 Bg4 19. Ne2 b5 20. h3 Bxe2 21.
Qxe2 Re7 22. Kh2 Rbe8 23. Qc2 Qb4 24. f4 a6 25. axb5 axb5 26. e5 Nd5 27. Bxd5
cxd5 28. Rxd5 f6 29. Rd6 fxe5 30. Rxh6 exf4 31. Qh7+ Kf8 32. Qf5+ Kg8 33. Qh7+
1/2-1/2

[Event "Lichtenrader Herbst 2017"]
[Site "Berlin"]
[Date "2017.10.28"]
[Round "1.25"]
[White "Behrmann, Joachim"]
[Black "Bockrath, Hendrik"]
[Result "1-0"]
[WhiteElo "2150"]
[BlackElo "1658"]
[PlyCount "79"]
[EventDate "2017.??.??"]
[WhiteTeam "SK Zehlendorf"]
[BlackTeam "SC Kreuzberg"]

1. d4 d5 2. c4 c6 3. Nc3 Nf6 4. e3 e6 5. Nf3 Bd6 6. Bd3 Nbd7 7. O-O O-O 8. e4
dxe4 9. Nxe4 Nxe4 10. Bxe4 Nf6 11. Bc2 h6 12. b3 b5 13. c5 Bc7 14. Bb2 Re8 15.
Qe2 Qd5 16. Ne5 Bb7 17. f4 Qd8 18. g4 Nd5 19. Qd3 Bxe5 20. Qh7+ Kf8 21. fxe5
Qg5 22. Bg6 Qxg4+ 23. Kh1 Nf4 24. Be4 Nh3 25. Bf3 Qf5 26. Qh8+ Ke7 27. Qxg7 Rg8
28. Qf6+ Qxf6 29. exf6+ Kd7 30. Bc1 Ng5 31. Bh5 Raf8 32. Bf4 Ne4 33. Bxh6 Rh8
34. Bxf8 Rxh5 35. Rf3 Rd5 36. Re1 Ng5 37. Rf4 Ke8 38. Bd6 Nh3 39. Rf3 Rh5 40.
Rg3 1-0

[Event "Lichtenrader Herbst 2017"]
[Site "Berlin"]
[Date "2017.10.28"]
[Round "1.26"]
[White "Kluehs, Gustaf"]
[Black "Mcgowan, Daniel"]
[Result "0-1"]
[WhiteElo "1654"]
[BlackElo "2139"]
[PlyCount "110"]
[EventDate "2017.??.??"]
[WhiteTeam "Borussia Friedrichsfelde"]
[BlackTeam "SF 1903 Berlin"]

1. d4 e6 2. Nf3 Nf6 3. c4 d5 4. Nc3 Be7 5. Bf4 O-O 6. e3 c5 7. Be2 Nc6 8. O-O
a6 9. dxc5 Bxc5 10. cxd5 exd5 11. Nd4 Bxd4 12. exd4 Qb6 13. Bd6 Re8 14. Bc5
Qxb2 15. Qd3 Bf5 16. Qxf5 Qxc3 17. Bf3 Nxd4 18. Bxd4 Qxd4 19. Rad1 Qe5 20. Qb1
b5 21. Rfe1 Qd6 22. Rxe8+ Rxe8 23. g3 h6 24. Qb3 d4 25. a4 bxa4 26. Qxa4 d3 27.
Bc6 Re6 28. Qxa6 Qxc6 29. Qxc6 Rxc6 30. Rxd3 g6 31. Kg2 Kg7 32. Kf3 h5 33. h3
Rc4 34. Kg2 g5 35. Rd2 Ne4 36. Ra2 Rd4 37. Ra1 g4 38. h4 Rd2 39. Rf1 Kg6 40.
Kg1 Kf5 41. Kg2 Rxf2+ 42. Rxf2+ Nxf2 43. Kxf2 Ke4 44. Ke2 f6 45. Kf2 Kd3 46.
Kf1 Ke3 47. Kg2 Ke2 48. Kh1 Kf2 49. Kh2 f5 50. Kh1 Kxg3 51. Kg1 Kxh4 52. Kh2 f4
53. Kg2 g3 54. Kg1 Kh3 55. Kh1 h4 0-1